[Event "European Online Club-ch-B 2021"]
[Site "Online"]
[Date "2021.03.27"]
[Round "2.10"]
[White "Admiraal, Miguoel"]
[Black "Agrest, Inna"]
[Result "1-0"]
[WhiteElo "2475"]
[BlackElo "2285"]
[Annotator "ChessBase"]
[PlyCount "117"]
[EventDate "2021.03.27"]
[EventType "team-tourn"]
[EventCountry "NET"]
[SourceTitle "playchess.com"]
[Source "ChessBase"]
[SourceQuality "1"]
[TimeControl "900+5"]

1. d4 {[%emt 0:00:00]} Nf6 {[%emt 0:00:06]} 2. Bg5 {[%emt 0:00:02]} c5 {[%emt 0:00:02]} 3. d5 {[%emt 0:00:01]} Qb6 {[%emt 0:00:03]} 4. Nc3 {[%emt 0:00:01]} g6 {[%emt 0:00:10]} 5. e4 {[%emt 0:00:09]} d6 {[%emt 0:00:06]} 6. Bb5+ {[%emt 0:00:42]} Bd7 {[%emt 0:00:27]} 7. a4 {[%emt 0:00:14]} a6 {[%emt 0:01:00]} 8. a5 {[%emt 0:00:04]} Qc7 {[%emt 0:00:05]} 9. Be2 {[%emt 0:00:23]} Bg7 {[%emt 0:00:06]} 10. Nf3 {[%emt 0:00:02]} O-O {[%emt 0:00:37]} 11. Nd2 {[%emt 0:00:02]} b5 {[%emt 0:00:54]} 12. axb6 {[%emt 0:00:05]} Qxb6 {[%emt 0:00:02]} 13. Nc4 {[%emt 0:00:02]} Qc7 {[%emt 0:00:07]} 14. O-O {[%emt 0:00:05]} Ra7 {[%emt 0:00:32]} 15. Qd2 {[%emt 0:00:09]} Bb5 {[%emt 0:00:22]} 16. Ra2 {[%emt 0:00:47]} Nbd7 {[%emt 0:00:10]} 17. Rfa1 {[%emt 0:00:06]} Bxc4 {[%emt 0:03:43]} 18. Bxc4 {[%emt 0:00:04]} Ne5 {[%emt 0:00:06]} 19. Bxa6 {[%emt 0:00:51]} Qb6 {[%emt 0:00:33]} 20. Bf1 {[%emt 0:01:55]} Rfa8 {[%emt 0:00:29]} 21. Rxa7 {[%emt 0:00:03]} Rxa7 {[%emt 0:00:02]} 22. Rxa7 {[%emt 0:00:01]} Qxa7 {[%emt 0:00:00]} 23. h3 {[%emt 0:00:10]} Qa1 {[%emt 0:00:15]} 24. Qc1 {[%emt 0:00:04]} Qa5 {[%emt 0:00:19]} 25. Bd2 {[%emt 0:01:49]} Qb4 {[%emt 0:01:27]} 26. f3 {[%emt 0:00:04]} Nc4 {[%emt 0:00:39]} 27. Bxc4 {[%emt 0:00:02]} Qxc4 {[%emt 0:00:02]} 28. Qf1 {[%emt 0:00:22]} Qd4+ {[%emt 0:00:31]} 29. Qf2 {[%emt 0:00:02]} Qb4 {[%emt 0:00:44]} 30. Nd1 {[%emt 0:00:19]} Qa4 {[%emt 0:00:13]} 31. Bc3 {[%emt 0:00:10]} Nd7 {[%emt 0:00:23]} 32. Qd2 {[%emt 0:00:21]} Ne5 {[%emt 0:00:19]} 33. Bxe5 {[%emt 0:00:27]} Bxe5 {[%emt 0:00:00]} 34. c3 {[%emt 0:00:06]} Qa1 {[%emt 0:00:15]} 35. Kf2 {[%emt 0:00:07]} h5 {[%emt 0:00:09]} 36. h4 {[%emt 0:00:33]} Qb1 {[%emt 0:00:18]} 37. g3 {[%emt 0:00:10]} Bf6 {[%emt 0:00:44]} 38. Kg2 {[%emt 0:00:15]} Be5 {[%emt 0:00:07]} 39. Nf2 {[%emt 0:00:13]} Bf6 {[%emt 0:00:26]} 40. Qe2 {[%emt 0:00:25]} Bg7 {[%emt 0:00:16]} 41. Nd1 {[%emt 0:00:33]} Bf6 {[%emt 0:00:09]} 42. Ne3 {[%emt 0:00:03]} Bg7 {[%emt 0:00:09]} 43. Nc4 {[%emt 0:00:02]} Bf6 {[%emt 0:00:26]} 44. f4 {[%emt 0:00:34]} Bg7 {[%emt 0:00:09]} 45. e5 {[%emt 0:00:04]} Bf8 {[%emt 0:00:20]} 46. e6 {[%emt 0:02:16]} f5 {[%emt 0:00:21]} 47. Kh2 {[%emt 0:00:26]} Qc1 {[%emt 0:00:19]} 48. Kg2 {[%emt 0:01:33]} Qb1 {[%emt 0:00:02]} 49. Nb6 {[%emt 0:00:05]} Bg7 {[%emt 0:00:04]} 50. Nc8 {[%emt 0:00:03]} Bf6 {[%emt 0:00:04]} 51. Kh2 {[%emt 0:00:40]} Kf8 {[%emt 0:00:05]} 52. Nb6 {[%emt 0:00:03]} Kg7 {[%emt 0:00:03]} 53. Nd7 {[%emt 0:00:04]} Qc1 {[%emt 0:00:12]} 54. Kg2 {[%emt 0:00:09]} Qb1 {[%emt 0:00:02]} 55. Qd2 {[%emt 0:00:05]} Qe4+ {[%emt 0:00:06]} 56. Kh2 {[%emt 0:00:03]} Qb1 {[%emt 0:00:02]} 57. Nxf6 {[%emt 0:00:07]} Kxf6 {[%emt 0:00:00]} 58. b4 {[%emt 0:00:02]} cxb4 {[%emt 0:00:14]} 59. Qd4# {[%emt 0:00:02]} 1-0

[Event "European Online Club-ch-B 2021"]
[Site "Online"]
[Date "2021.03.27"]
[Round "2.11"]
[White "Rasti, Arvin"]
[Black "Matnadze, Ana"]
[Result "0-1"]
[WhiteElo "2195"]
[BlackElo "2421"]
[Annotator "NA"]
[PlyCount "106"]
[EventDate "2021.03.27"]
[EventType "team-tourn"]
[EventCountry "NET"]
[SourceTitle "playchess.com"]
[Source "ChessBase"]
[SourceQuality "1"]
[TimeControl "900+5"]

1. d4 {[%emt 0:00:00]} Nf6 {[%emt 0:00:08]} 2. c4 {[%emt 0:00:03]} e6 {[%emt 0:00:03]} 3. Nc3 {[%emt 0:00:15]} d5 {[%emt 0:00:03]} 4. Nf3 {[%emt 0:00:02]} Be7 {[%emt 0:00:12]} 5. Bf4 {[%emt 0:00:13]} c6 {[%emt 0:00:02]} 6. e3 {[%emt 0:00:01]} O-O {[%emt 0:00:05]} 7. Qc2 {[%emt 0:00:12]} Nbd7 {[%emt 0:00:17]} 8. O-O-O {[%emt 0:00:11]} Nb6 {[%emt 0:00:20]} 9. Ne5 {[%emt 0:00:16]} dxc4 {[%emt 0:00:11]} 10. Nxc4 {[%emt 0:00:04]} Nbd5 {[%emt 0:00:02]} 11. Bg3 {[%emt 0:00:06]} b5 {[%emt 0:00:04]} 12. Ne5 {[%emt 0:00:22]} Bd7 {[%emt 0:00:02]} 13. Kb1 {[%emt 0:00:21]} Rc8 {[%emt 0:00:12]} 14. Nxd5 {[%emt 0:00:49]} Nxd5 {[%emt 0:00:24]} 15. Nd3 {[%emt 0:00:09]} Nb4 {[%emt 0:00:21]} 16. Nxb4 {[%emt 0:00:26]} Bxb4 {[%emt 0:00:04]} 17. Bd3 {[%emt 0:00:02]} f5 {[%emt 0:00:09]} 18. a3 {[%emt 0:00:33]} Be7 {[%emt 0:00:06]} 19. Qe2 {[%emt 0:00:20]} a5 {[%emt 0:00:10]} 20. Be5 {[%emt 0:00:12]} Bf6 {[%emt 0:00:09]} 21. g4 {[%emt 0:00:17]} Qe7 {[%emt 0:00:30]} 22. f4 {[%emt 0:00:36]} a4 {[%emt 0:01:25]} 23. Qd2 {[%emt 0:02:47]} Rfd8 {[%emt 0:01:44]} 24. Rhg1 {[%emt 0:00:28]} Kh8 {[%emt 0:00:28]} 25. Qb4 {[%emt 0:00:49]} Qf7 {[%emt 0:01:23]} 26. Bxf6 {[%emt 0:00:49]} Qxf6 {[%emt 0:00:27]} 27. g5 {[%emt 0:00:03]} Qf8 {[%emt 0:00:21]} 28. Rc1 {[%emt 0:00:33]} Qxb4 {[%emt 0:00:16]} 29. axb4 {[%emt 0:00:03]} Kg8 {[%emt 0:00:07]} 30. Rc5 {[%emt 0:00:04]} Kf8 {[%emt 0:00:04]} 31. Rgc1 {[%emt 0:00:05]} Ke7 {[%emt 0:00:03]} 32. h4 {[%emt 0:00:05]} Kd6 {[%emt 0:00:03]} 33. Be2 {[%emt 0:00:20]} Ra8 {[%emt 0:00:07]} 34. R1c3 {[%emt 0:00:08]} Rf8 {[%emt 0:00:09]} 35. Bf3 {[%emt 0:00:17]} Ra6 {[%emt 0:00:04]} 36. Ra3 {[%emt 0:00:46]} Rb6 {[%emt 0:00:20]} 37. Kc2 {[%emt 0:00:25]} h6 {[%emt 0:00:12]} 38. g6 {[%emt 0:00:31]} h5 {[%emt 0:00:15]} 39. Ra1 {[%emt 0:00:10]} Ra6 {[%emt 0:00:24]} 40. Rc3 {[%emt 0:00:06]} Ke7 {[%emt 0:00:17]} 41. Rg1 {[%emt 0:00:12]} Kf6 {[%emt 0:00:12]} 42. Bxh5 {[%emt 0:00:17]} Rh8 {[%emt 0:00:03]} 43. Rg5 {[%emt 0:00:07]} Be8 {[%emt 0:00:43]} 44. Rc5 {[%emt 0:01:28]} a3 {[%emt 0:00:14]} 45. bxa3 {[%emt 0:00:03]} Rxa3 {[%emt 0:00:03]} 46. e4 {[%emt 0:00:53]} fxe4 {[%emt 0:00:58]} 47. f5 {[%emt 0:00:02]} e3 {[%emt 0:00:21]} 48. Re5 {[%emt 0:00:12]} Bd7 {[%emt 0:00:21]} 49. Kb2 {[%emt 0:00:43]} Rd3 {[%emt 0:00:15]} 50. Kc2 {[%emt 0:00:42]} Rxd4 {[%emt 0:00:12]} 51. fxe6 {[%emt 0:00:11]} Bxe6 {[%emt 0:00:07]} 52. Bf3 {[%emt 0:00:22]} Rhxh4 {[%emt 0:00:11]} 53. Bxc6 {[%emt 0:00:03]} Rc4+ {[%emt 0:00:07]} 0-1

[Event "European Online Club-ch-B 2021"]
[Site "Online"]
[Date "2021.03.27"]
[Round "2.12"]
[White "Grochal, Joey"]
[Black "Wengholm, Anders"]
[Result "1/2-1/2"]
[WhiteElo "2335"]
[BlackElo "2198"]
[Annotator "NA"]
[PlyCount "111"]
[EventDate "2021.03.27"]
[EventType "team-tourn"]
[EventCountry "NET"]
[SourceTitle "playchess.com"]
[Source "ChessBase"]
[SourceQuality "1"]
[TimeControl "900+5"]

1. d4 {[%emt 0:00:00]} d6 {[%emt 0:00:06]} 2. Nf3 {[%emt 0:00:05]} g6 {[%emt 0:00:02]} 3. c4 {[%emt 0:00:03]} Bg7 {[%emt 0:00:02]} 4. Nc3 {[%emt 0:00:06]} e5 {[%emt 0:00:03]} 5. dxe5 {[%emt 0:00:12]} dxe5 {[%emt 0:00:02]} 6. Qxd8+ {[%emt 0:00:00]} Kxd8 {[%emt 0:00:02]} 7. Bg5+ {[%emt 0:00:21]} f6 {[%emt 0:00:17]} 8. Rd1+ {[%emt 0:00:03]} Ke8 {[%emt 0:00:31]} 9. Bc1 {[%emt 0:00:11]} c6 {[%emt 0:00:09]} 10. Ne4 {[%emt 0:00:16]} Bf8 {[%emt 0:00:44]} 11. e3 {[%emt 0:00:39]} a5 {[%emt 0:00:42]} 12. Nd6+ {[%emt 0:01:03]} Bxd6 {[%emt 0:00:04]} 13. Rxd6 {[%emt 0:00:00]} Ke7 {[%emt 0:00:01]} 14. Rd2 {[%emt 0:00:13]} Be6 {[%emt 0:00:04]} 15. b3 {[%emt 0:00:02]} Na6 {[%emt 0:00:03]} 16. Be2 {[%emt 0:00:25]} Nh6 {[%emt 0:00:03]} 17. O-O {[%emt 0:00:42]} Rhd8 {[%emt 0:00:04]} 18. Rfd1 {[%emt 0:00:24]} Nb4 {[%emt 0:01:07]} 19. a3 {[%emt 0:01:30]} Na6 {[%emt 0:00:07]} 20. Bb2 {[%emt 0:00:22]} Rxd2 {[%emt 0:00:30]} 21. Nxd2 {[%emt 0:00:29]} Nc5 {[%emt 0:00:08]} 22. Bc3 {[%emt 0:01:14]} Nf7 {[%emt 0:00:43]} 23. f4 {[%emt 0:01:05]} Bf5 {[%emt 0:01:20]} 24. b4 {[%emt 0:00:54]} Na4 {[%emt 0:00:47]} 25. Ba1 {[%emt 0:00:04]} axb4 {[%emt 0:00:02]} 26. axb4 {[%emt 0:00:12]} Nb6 {[%emt 0:00:01]} 27. e4 {[%emt 0:00:28]} Be6 {[%emt 0:00:05]} 28. c5 {[%emt 0:00:05]} Nd7 {[%emt 0:00:04]} 29. g3 {[%emt 0:00:36]} Ra4 {[%emt 0:01:19]} 30. Bc3 {[%emt 0:00:06]} Ra3 {[%emt 0:00:02]} 31. Rc1 {[%emt 0:00:11]} h5 {[%emt 0:00:45]} 32. Nc4 {[%emt 0:00:24]} Ra2 {[%emt 0:00:08]} 33. Bd3 {[%emt 0:00:38]} h4 {[%emt 0:00:08]} 34. Ra1 {[%emt 0:00:16]} Rxa1+ {[%emt 0:00:07]} 35. Bxa1 {[%emt 0:00:00]} hxg3 {[%emt 0:00:05]} 36. hxg3 {[%emt 0:00:01]} Bxc4 {[%emt 0:01:15]} 37. Bxc4 {[%emt 0:00:00]} Nd8 {[%emt 0:00:06]} 38. Kf2 {[%emt 0:00:11]} b6 {[%emt 0:00:39]} 39. cxb6 {[%emt 0:00:11]} Nxb6 {[%emt 0:00:02]} 40. Bd3 {[%emt 0:00:13]} Nd7 {[%emt 0:00:04]} 41. Ke3 {[%emt 0:00:23]} Nf7 {[%emt 0:00:04]} 42. Bb2 {[%emt 0:00:28]} Nd6 {[%emt 0:00:04]} 43. Bc3 {[%emt 0:01:00]} Nb5 {[%emt 0:02:42]} 44. Bb2 {[%emt 0:00:05]} Nd6 {[%emt 0:00:02]} 45. Kf3 {[%emt 0:01:02]} c5 {[%emt 0:00:24]} 46. fxe5 {[%emt 0:00:26]} fxe5 {[%emt 0:00:13]} 47. bxc5 {[%emt 0:00:07]} Nxc5 {[%emt 0:00:02]} 48. Bb1 {[%emt 0:00:24]} Nc4 {[%emt 0:00:10]} 49. Bc3 {[%emt 0:00:21]} Kf6 {[%emt 0:00:16]} 50. Ba2 {[%emt 0:00:13]} Nd6 {[%emt 0:00:06]} 51. Bd5 {[%emt 0:00:03]} Ne6 {[%emt 0:00:11]} 52. Bb2 {[%emt 0:00:29]} Ng5+ {[%emt 0:00:05]} 53. Ke3 {[%emt 0:00:01]} Ne6 {[%emt 0:00:08]} 54. Kf3 {[%emt 0:00:02]} Ng5+ {[%emt 0:00:02]} 55. Ke3 {[%emt 0:00:03]} Ne6 {[%emt 0:00:02]} 56. Kf3 {[%emt 0:00:01]} 1/2-1/2

[Event "European Online Club-ch-B 2021"]
[Site "Online"]
[Date "2021.03.27"]
[Round "2.13"]
[White "Brunner, Nicolas"]
[Black "Fontaine, Robert"]
[Result "0-1"]
[WhiteElo "2418"]
[BlackElo "2550"]
[Annotator "ChessBase"]
[PlyCount "80"]
[EventDate "2021.03.27"]
[EventType "team-tourn"]
[EventCountry "NET"]
[SourceTitle "playchess.com"]
[Source "ChessBase"]
[SourceQuality "1"]
[TimeControl "900+5"]

1. d4 {[%emt 0:00:00]} d5 {[%emt 0:00:03]} 2. c4 {[%emt 0:00:03]} c6 {[%emt 0:00:03]} 3. Nf3 {[%emt 0:00:01]} Nf6 {[%emt 0:00:02]} 4. Nc3 {[%emt 0:00:02]} a6 {[%emt 0:00:03]} 5. c5 {[%emt 0:00:15]} Nbd7 {[%emt 0:00:03]} 6. Bf4 {[%emt 0:00:02]} g6 {[%emt 0:00:16]} 7. h3 {[%emt 0:00:13]} Bg7 {[%emt 0:00:03]} 8. e3 {[%emt 0:00:02]} O-O {[%emt 0:00:03]} 9. Bd3 {[%emt 0:00:46]} Re8 {[%emt 0:00:22]} 10. O-O {[%emt 0:00:04]} Nh5 {[%emt 0:00:11]} 11. Bh2 {[%emt 0:00:24]} e5 {[%emt 0:00:12]} 12. Nxe5 {[%emt 0:00:04]} Nxe5 {[%emt 0:00:07]} 13. dxe5 {[%emt 0:00:01]} Bxe5 {[%emt 0:00:03]} 14. Qd2 {[%emt 0:01:19]} Bxh2+ {[%emt 0:00:19]} 15. Kxh2 {[%emt 0:00:02]} d4 {[%emt 0:00:21]} 16. Ne4 {[%emt 0:02:14]} dxe3 {[%emt 0:00:46]} 17. Qxe3 {[%emt 0:00:03]} f5 {[%emt 0:01:26]} 18. Bc4+ {[%emt 0:00:03]} Be6 {[%emt 0:00:28]} 19. Qb3 {[%emt 0:00:26]} fxe4 {[%emt 0:02:03]} 20. Bxe6+ {[%emt 0:00:03]} Kh8 {[%emt 0:00:01]} 21. Rad1 {[%emt 0:02:56]} Qe7 {[%emt 0:00:14]} 22. Qc3+ {[%emt 0:00:47]} Qf6 {[%emt 0:00:17]} 23. Qxf6+ {[%emt 0:00:36]} Nxf6 {[%emt 0:00:03]} 24. Bc4 {[%emt 0:01:04]} Re5 {[%emt 0:00:10]} 25. b4 {[%emt 0:00:08]} a5 {[%emt 0:00:03]} 26. a3 {[%emt 0:00:02]} axb4 {[%emt 0:00:02]} 27. axb4 {[%emt 0:00:01]} Ra4 {[%emt 0:00:08]} 28. Rd8+ {[%emt 0:00:18]} Kg7 {[%emt 0:00:04]} 29. Rb1 {[%emt 0:00:21]} Re7 {[%emt 0:00:35]} 30. Rb8 {[%emt 0:00:18]} g5 {[%emt 0:00:14]} 31. h4 {[%emt 0:02:09]} gxh4 {[%emt 0:00:45]} 32. Kh3 {[%emt 0:00:07]} e3 {[%emt 0:00:02]} 33. fxe3 {[%emt 0:01:06]} Rxe3+ {[%emt 0:00:03]} 34. Kh2 {[%emt 0:00:01]} Re7 {[%emt 0:00:13]} 35. Kh3 {[%emt 0:00:07]} Ra3+ {[%emt 0:00:02]} 36. Kh2 {[%emt 0:00:17]} Rc3 {[%emt 0:00:16]} 37. Ba2 {[%emt 0:00:32]} Ng4+ {[%emt 0:00:12]} 38. Kg1 {[%emt 0:00:03]} Rg3 {[%emt 0:00:08]} 39. Rg8+ {[%emt 0:00:49]} Kh6 {[%emt 0:00:02]} 40. Kh1 {[%emt 0:00:23]} Re2 {[%emt 0:00:34]} 0-1

[Event "European Online Club-ch-B 2021"]
[Site "Online"]
[Date "2021.03.27"]
[Round "2.14"]
[White "Sokolov, Andrei"]
[Black "Mathieu, Phileas"]
[Result "1/2-1/2"]
[WhiteElo "2516"]
[BlackElo "2240"]
[Annotator "ChessBase"]
[PlyCount "130"]
[EventDate "2021.03.27"]
[EventType "team-tourn"]
[EventCountry "NET"]
[SourceTitle "playchess.com"]
[Source "ChessBase"]
[SourceQuality "1"]
[TimeControl "900+5"]

1. e4 {[%emt 0:00:00]} c5 {[%emt 0:00:05]} 2. Nf3 {[%emt 0:00:04]} Nc6 {[%emt 0:00:08]} 3. Bb5 {[%emt 0:00:04]} e6 {[%emt 0:00:06]} 4. O-O {[%emt 0:00:17]} Nge7 {[%emt 0:00:02]} 5. Re1 {[%emt 0:01:20]} Nd4 {[%emt 0:00:09]} 6. Nxd4 {[%emt 0:01:02]} cxd4 {[%emt 0:00:02]} 7. c3 {[%emt 0:00:08]} a6 {[%emt 0:00:06]} 8. Bf1 {[%emt 0:00:17]} Nc6 {[%emt 0:00:02]} 9. d3 {[%emt 0:00:26]} Bc5 {[%emt 0:00:21]} 10. Nd2 {[%emt 0:01:26]} O-O {[%emt 0:00:43]} 11. Nb3 {[%emt 0:01:04]} Bb6 {[%emt 0:00:51]} 12. cxd4 {[%emt 0:00:04]} Nxd4 {[%emt 0:00:49]} 13. Be3 {[%emt 0:00:05]} Nxb3 {[%emt 0:00:04]} 14. Qxb3 {[%emt 0:00:03]} Bxe3 {[%emt 0:00:14]} 15. Rxe3 {[%emt 0:00:03]} b5 {[%emt 0:00:29]} 16. a4 {[%emt 0:00:39]} Rb8 {[%emt 0:00:13]} 17. a5 {[%emt 0:00:50]} Bb7 {[%emt 0:00:12]} 18. Qb4 {[%emt 0:01:05]} Rc8 {[%emt 0:02:13]} 19. d4 {[%emt 0:00:57]} f5 {[%emt 0:01:25]} 20. e5 {[%emt 0:01:06]} g5 {[%emt 0:02:43]} 21. Rc3 {[%emt 0:00:22]} Rxc3 {[%emt 0:00:06]} 22. bxc3 {[%emt 0:00:28]} Qc7 {[%emt 0:00:49]} 23. c4 {[%emt 0:00:39]} bxc4 {[%emt 0:00:25]} 24. Bxc4 {[%emt 0:00:32]} Rc8 {[%emt 0:00:41]} 25. Bf1 {[%emt 0:00:09]} Ra8 {[%emt 0:01:15]} 26. Qe7 {[%emt 0:01:33]} Qd8 {[%emt 0:00:32]} 27. Qxd8+ {[%emt 0:00:25]} Rxd8 {[%emt 0:00:03]} 28. Rb1 {[%emt 0:00:09]} Be4 {[%emt 0:00:23]} 29. Rb6 {[%emt 0:00:03]} Kf8 {[%emt 0:01:23]} 30. f3 {[%emt 0:00:28]} Bd5 {[%emt 0:00:22]} 31. h4 {[%emt 0:00:40]} h6 {[%emt 0:00:28]} 32. hxg5 {[%emt 0:00:11]} hxg5 {[%emt 0:00:02]} 33. Rxa6 {[%emt 0:00:12]} Ke7 {[%emt 0:00:07]} 34. Rb6 {[%emt 0:00:13]} Rc8 {[%emt 0:00:05]} 35. Rb1 {[%emt 0:00:18]} Rc3 {[%emt 0:00:08]} 36. Ra1 {[%emt 0:00:06]} Rc7 {[%emt 0:00:02]} 37. a6 {[%emt 0:00:04]} Ra7 {[%emt 0:00:01]} 38. Rc1 {[%emt 0:00:10]} Bc6 {[%emt 0:00:05]} 39. Kf2 {[%emt 0:00:04]} Kd8 {[%emt 0:00:07]} 40. Be2 {[%emt 0:00:03]} Kc7 {[%emt 0:00:05]} 41. g4 {[%emt 0:00:17]} fxg4 {[%emt 0:00:11]} 42. fxg4 {[%emt 0:00:02]} Ra8 {[%emt 0:00:01]} 43. Ra1 {[%emt 0:00:17]} Kb6 {[%emt 0:00:03]} 44. Ke3 {[%emt 0:00:02]} Rf8 {[%emt 0:00:06]} 45. Rb1+ {[%emt 0:00:03]} Kc7 {[%emt 0:00:08]} 46. Rf1 {[%emt 0:00:03]} Rxf1 {[%emt 0:00:03]} 47. Bxf1 {[%emt 0:00:02]} Kb6 {[%emt 0:00:02]} 48. Kd2 {[%emt 0:00:03]} Bf3 {[%emt 0:00:07]} 49. Bd3 {[%emt 0:00:07]} Bxg4 {[%emt 0:00:08]} 50. Ke3 {[%emt 0:00:01]} Bd1 {[%emt 0:00:06]} 51. Bb5 {[%emt 0:00:04]} Bb3 {[%emt 0:00:03]} 52. Bxd7 {[%emt 0:00:02]} Kxa6 {[%emt 0:00:02]} 53. Kf3 {[%emt 0:00:02]} Kb6 {[%emt 0:00:01]} 54. Kg4 {[%emt 0:00:03]} Kc7 {[%emt 0:00:03]} 55. Bb5 {[%emt 0:00:02]} Kd8 {[%emt 0:00:03]} 56. Kxg5 {[%emt 0:00:02]} Ke7 {[%emt 0:00:03]} 57. Kf4 {[%emt 0:00:02]} Bc2 {[%emt 0:00:04]} 58. Ke3 {[%emt 0:00:02]} Bf5 {[%emt 0:00:07]} 59. Bd3 {[%emt 0:00:03]} Bg4 {[%emt 0:00:03]} 60. Kd2 {[%emt 0:00:02]} Bh3 {[%emt 0:00:02]} 61. Kc3 {[%emt 0:00:02]} Bg4 {[%emt 0:00:01]} 62. Kb4 {[%emt 0:00:01]} Bh3 {[%emt 0:00:02]} 63. Kc5 {[%emt 0:00:03]} Bg2 {[%emt 0:00:03]} 64. Bb5 {[%emt 0:00:17]} Bf3 {[%emt 0:00:03]} 65. Bc6 {[%emt 0:00:04]} Be2 {[%emt 0:00:02]} 1/2-1/2

[Event "European Online Club-ch-B 2021"]
[Site "Online"]
[Date "2021.03.27"]
[Round "2.15"]
[White "Thomas, Anysia"]
[Black "Riff, Jean-Noel"]
[Result "1/2-1/2"]
[WhiteElo "2164"]
[BlackElo "2499"]
[Annotator "ChessBase"]
[PlyCount "73"]
[EventDate "2021.03.27"]
[EventType "team-tourn"]
[EventCountry "NET"]
[SourceTitle "playchess.com"]
[Source "ChessBase"]
[SourceQuality "1"]
[TimeControl "900+5"]

1. d4 {[%emt 0:00:00]} Nf6 {[%emt 0:00:03]} 2. c4 {[%emt 0:00:05]} Nc6 {[%emt 0:00:03]} 3. Nf3 {[%emt 0:00:06]} e6 {[%emt 0:00:03]} 4. g3 {[%emt 0:00:42]} Bb4+ {[%emt 0:00:13]} 5. Bd2 {[%emt 0:00:25]} Bxd2+ {[%emt 0:00:07]} 6. Qxd2 {[%emt 0:00:09]} Qe7 {[%emt 0:00:02]} 7. Nc3 {[%emt 0:00:26]} d5 {[%emt 0:00:05]} 8. Bg2 {[%emt 0:00:26]} O-O {[%emt 0:00:04]} 9. O-O {[%emt 0:00:03]} dxc4 {[%emt 0:00:01]} 10. e4 {[%emt 0:02:35]} e5 {[%emt 0:01:00]} 11. Nd5 {[%emt 0:01:49]} Qd6 {[%emt 0:01:03]} 12. Nxe5 {[%emt 0:02:21]} Nxe5 {[%emt 0:00:04]} 13. dxe5 {[%emt 0:00:03]} Qxe5 {[%emt 0:00:01]} 14. Rfe1 {[%emt 0:01:43]} c6 {[%emt 0:00:33]} 15. f4 {[%emt 0:00:47]} Qd6 {[%emt 0:00:03]} 16. Nxf6+ {[%emt 0:01:26]} Qxf6 {[%emt 0:00:04]} 17. e5 {[%emt 0:00:03]} Qe7 {[%emt 0:00:02]} 18. Qd4 {[%emt 0:00:11]} Be6 {[%emt 0:00:03]} 19. Qf2 {[%emt 0:00:22]} Bf5 {[%emt 0:00:08]} 20. Rac1 {[%emt 0:00:05]} Qe6 {[%emt 0:00:15]} 21. Qd4 {[%emt 0:00:16]} b5 {[%emt 0:00:20]} 22. Qc5 {[%emt 0:00:23]} Rac8 {[%emt 0:00:09]} 23. Rcd1 {[%emt 0:00:18]} Bd3 {[%emt 0:00:03]} 24. Rd2 {[%emt 0:01:03]} Rfd8 {[%emt 0:00:10]} 25. Red1 {[%emt 0:00:04]} a5 {[%emt 0:00:06]} 26. Be4 {[%emt 0:00:16]} g6 {[%emt 0:00:32]} 27. Bxd3 {[%emt 0:00:03]} cxd3 {[%emt 0:00:02]} 28. Rxd3 {[%emt 0:00:23]} Rxd3 {[%emt 0:00:03]} 29. Rxd3 {[%emt 0:00:03]} Qxa2 {[%emt 0:00:02]} 30. Rd2 {[%emt 0:00:17]} Qb3 {[%emt 0:00:06]} 31. Qb6 {[%emt 0:00:13]} a4 {[%emt 0:00:06]} 32. Rd8+ {[%emt 0:00:06]} Rxd8 {[%emt 0:00:05]} 33. Qxd8+ {[%emt 0:00:02]} Kg7 {[%emt 0:00:01]} 34. Qf6+ {[%emt 0:00:02]} Kg8 {[%emt 0:00:01]} 35. Qd8+ {[%emt 0:00:02]} Kg7 {[%emt 0:00:01]} 36. Qf6+ {[%emt 0:00:03]} Kg8 {[%emt 0:00:02]} 37. Qd8+ {[%emt 0:00:02]} 1/2-1/2

[Event "European Online Club-ch-B 2021"]
[Site "Online"]
[Date "2021.03.27"]
[Round "2.16"]
[White "Miralles, Gilles"]
[Black "Frantz, Nicolas"]
[Result "1-0"]
[WhiteElo "2418"]
[BlackElo "2140"]
[Annotator "NA"]
[PlyCount "77"]
[EventDate "2021.03.27"]
[EventType "team-tourn"]
[EventCountry "NET"]
[SourceTitle "playchess.com"]
[Source "ChessBase"]
[SourceQuality "1"]
[TimeControl "900+5"]

1. d4 {[%emt 0:00:00]} Nf6 {[%emt 0:01:09]} 2. c4 {[%emt 0:00:05]} e6 {[%emt 0:00:02]} 3. Nf3 {[%emt 0:00:06]} Bb4+ {[%emt 0:00:01]} 4. Nbd2 {[%emt 0:00:03]} O-O {[%emt 0:00:04]} 5. a3 {[%emt 0:00:11]} Be7 {[%emt 0:00:02]} 6. g3 {[%emt 0:00:21]} d6 {[%emt 0:00:02]} 7. Bg2 {[%emt 0:00:02]} Nc6 {[%emt 0:00:02]} 8. b4 {[%emt 0:00:18]} e5 {[%emt 0:00:02]} 9. d5 {[%emt 0:00:51]} Nb8 {[%emt 0:00:03]} 10. O-O {[%emt 0:00:12]} a5 {[%emt 0:00:01]} 11. Bb2 {[%emt 0:00:10]} Na6 {[%emt 0:00:05]} 12. Nb3 {[%emt 0:00:54]} axb4 {[%emt 0:00:35]} 13. axb4 {[%emt 0:00:03]} Bf5 {[%emt 0:00:02]} 14. Nh4 {[%emt 0:00:49]} Bd7 {[%emt 0:01:20]} 15. b5 {[%emt 0:00:17]} Nc5 {[%emt 0:00:42]} 16. Nxc5 {[%emt 0:00:33]} dxc5 {[%emt 0:00:00]} 17. Bxe5 {[%emt 0:00:08]} Ne8 {[%emt 0:00:05]} 18. Rxa8 {[%emt 0:00:46]} Qxa8 {[%emt 0:00:00]} 19. Qa1 {[%emt 0:00:19]} Qxa1 {[%emt 0:00:11]} 20. Rxa1 {[%emt 0:00:04]} f6 {[%emt 0:00:03]} 21. Bc3 {[%emt 0:00:40]} Nd6 {[%emt 0:00:04]} 22. Ra4 {[%emt 0:01:08]} g5 {[%emt 0:02:31]} 23. Nf3 {[%emt 0:00:07]} Bf5 {[%emt 0:00:03]} 24. Nd2 {[%emt 0:00:17]} Bc2 {[%emt 0:01:05]} 25. Ra2 {[%emt 0:00:47]} Bg6 {[%emt 0:01:22]} 26. e4 {[%emt 0:00:10]} Re8 {[%emt 0:00:08]} 27. f4 {[%emt 0:00:14]} gxf4 {[%emt 0:00:24]} 28. gxf4 {[%emt 0:00:03]} Kf7 {[%emt 0:00:06]} 29. e5 {[%emt 0:00:22]} fxe5 {[%emt 0:00:02]} 30. fxe5 {[%emt 0:00:02]} Nf5 {[%emt 0:00:04]} 31. Ra7 {[%emt 0:00:17]} Bg5 {[%emt 0:00:30]} 32. Rxb7 {[%emt 0:00:18]} Be3+ {[%emt 0:00:05]} 33. Kf1 {[%emt 0:00:18]} Nd4 {[%emt 0:00:13]} 34. Nf3 {[%emt 0:01:55]} Bd3+ {[%emt 0:01:49]} 35. Ke1 {[%emt 0:00:03]} Bxc4 {[%emt 0:00:08]} 36. Rxc7+ {[%emt 0:00:45]} Kg8 {[%emt 0:00:09]} 37. Bxd4 {[%emt 0:00:45]} Bxd4 {[%emt 0:00:17]} 38. Nxd4 {[%emt 0:00:05]} Rxe5+ {[%emt 0:00:03]} 39. Kf2 {[%emt 0:00:33]} 1-0